00385nam a2200145Ia 4500008004100000020001500041041000800056082001500064100003600079245002900115250000600144260005200150300002300202650001400225210716s2005 xx 000 0 und d a8120328256 aeng a658.8 KOTP aKotler, Philip;Armstrong, Gary. aPrinciples of marketing. a9 aNew DelhibPrentice Hall of India PVt Ltdc2005 axxxi,785,I-16/2001 aMarketing